000
00296nam a2200121Ia 4500
005
20251222144901.0
008
251222s9999||||xx |||||||||||||| ||spa||
082
_a
263/T56
245
0
_a
Tierra Santa en Tiempos de Jesus
250
_a
1ra.ed.
264
_b
Editorial Timun Mas, S.A.
942
_c
LIB
999
_c
21978
_d
21978